01276nam a2200313   4500003000900000005001700009008004100026017001400067020001500081040004600096041000800142082002900150092000700179099003700186100004800223245014500271264007000416300002800486336002200514337002400536338003300560546004100593650004100634856005700675905001300732942001900745999001700764952018100781EG-GICUC20260121101231.0251117s2019    ua ||||fr|||| 00| 0 ara d  a200810696  a9773276119  a EG-GICUCbarac EG-GICUCd EG-GICUCerda0 aara04221a341.851bو ا  . م04221  aLaw1 12	341.851 و ا  . م 20190 aوائل أنور بندقeمؤلف.10aموسوعة التحكيم :bالاتفاقات الدولية وقوانين الدول العربية /cوائل أنور بندق. 1aالاسكندرية :bدار الفكر الجامعي،c2019.  a611 ؛صفحةc24 سم  2rda contentatext  2rda mediaaComputer  2rda carrieraOnline Resource  aالنص باللغة العربية1 aالتحكيم - قانون دولي40uhttps://fll.law.cu.edu.eg/fulltext/bks/B12-01417.pdf  a75eYara  2ddcn0cBKe21  c43729d43729  00102ddc40718القانون الدولي الخاصaCUbLAW1d2025-11-17l0oLaw1 12	341.851 و ا  . م 2019 1201417	C1pB12-01417r2025-11-17 09:30:51t1w2025-11-17yBK